| 000 | 00488nam a22001577a 4500 | ||
|---|---|---|---|
| 008 | 160604b xxu||||| |||| 00| 0 eng d | ||
| 020 | _a9781937673109 | ||
| 020 | _a1937673103 | ||
| 082 |
_22012 _aDC 121.3 _bOk41s |
||
| 100 |
_910154 _aOkawa, Ryuho |
||
| 245 |
_aSecrets of the everlasting truths: _ba new paradigm for living on earth/ _cRyuho Okawa. |
||
| 260 |
_aTokyo: _bHappy Science, _cc2012. |
||
| 300 |
_a144 pages; _c19 cm. |
||
| 650 | 0 |
_910155 _aChristian life |
|
| 942 |
_2ddc _cDC |
||
| 999 |
_c3041 _d3041 |
||